000
00209 a2200097 4500
001
15051
100
_a
Woods W
245
_a
A yugoslav adventure
260
_a
London
_b
Andre dentsch
_c
090
_c
11806
_d
11806
942
_a
NUST-CAE
_c
M
_c
2010
999
_c
250124
_d
250124